000 00887nam a22002777a 4500
003 DO-SdBNP
005 20240314073720.0
007 ta
008 220610b2022 dr a|||| |||| 00| 0 spa d
020 _a9789945931174
040 _aDO-SdBNP
_bspa
_cBNPHU
082 4 _a923.27293
_bD812v, 2022
_222
100 1 _aTroncoso Sánchez, Pedro,
_d1904-1989
_923599
245 1 0 _aVida de Juan Pablo Duarte /
_cPedro Troncoso Sánchez
250 _a4a. ed.
260 _aSanto Domingo :
_bInstituto Duartiano,
_c2022.
300 _a583 p. :
_bil. ;
_c22 cm.
490 0 _aDuartiana
_v11
590 _aInventariado, 2022/BT
590 _aPremio Nacional de Historia 1976.
600 1 0 _aDuarte, Juan Pablo,
_d1813-1876
_91494
651 4 _aRepública Dominicana
_xHistoria
_9170
830 0 _aDuartiana
_n11
_964464
910 _aBtavárez/Validado. Control de calidad MFF
942 _2ddc
_cLBS1
999 _c52004
_d52004